000 00484nam a22001697a 4500
003 SGT
020 _a9789385795347
082 _a546 AMI
100 _aAMANI,ANITA
245 _aINORGANIC CHEMISTRY
250 _a1st
260 _aNEW DELHI
_bPRAGATI PRAKASHAN
_c2016
300 _a240
650 _aINORGANIC CHEMISTRY
653 _aATOMIC STRUCTURE,PERIODIC PROPERTIES,COVALENT BOND,IONIC SOLIDS,S- BLOCK ELEMENTS, CHEMISTRY OF NOBLE GASES,P-BLOCK ELEMENTS
942 _2ddc
_cFPS
_026
999 _c9996
_d9996